Distributed systems : (Record no. 14271)
[ view plain ]
| 000 -LEADER | |
|---|---|
| fixed length control field | 00939cam a22003014a 4500 |
| 001 - CONTROL NUMBER | |
| JCCL Control Number | 14271 |
| 003 - CONTROL NUMBER IDENTIFIER | |
| JCCL marc code | BD-JhCC |
| 005 - DATE AND TIME OF LATEST TRANSACTION | |
| control field | 20250226090218.0 |
| 008 - FIXED-LENGTH DATA ELEMENTS--GENERAL INFORMATION | |
| fixed length control field | 050214s2005 enka b 001 0 eng |
| 020 ## - INTERNATIONAL STANDARD BOOK NUMBER | |
| International Standard Book Number | 0321263545 |
| 035 ## - SYSTEM CONTROL NUMBER | |
| system control number | (BD-JhCC)14271 |
| 040 ## - CATALOGING SOURCE | |
| Original cataloging agency | DLC |
| Transcribing agency | DLC |
| Modifying agency | DLC |
| 041 ## - LANGUAGE CODE | |
| Language code of Book | english |
| 050 00 - LIBRARY OF CONGRESS CALL NUMBER | |
| Classification number | QA76.9.D5 |
| Item number | C68 2005 |
| 082 00 - DEWEY DECIMAL CLASSIFICATION NUMBER | |
| Classification number | 004.36 |
| DDC Edition number | 22 |
| Author mark and Year | GEO 2005 |
| 100 1# - MAIN ENTRY--PERSONAL NAME | |
| Personal name | Coulouris, George F. |
| 245 10 - TITLE STATEMENT | |
| Title | Distributed systems : |
| Remainder of title | concepts and design / |
| Statement of responsibility, etc | George Coulouris, Jean Dollimore, Tim Kindberg. |
| 250 ## - EDITION STATEMENT | |
| Edition statement | 4th ed. |
| 260 ## - PUBLICATION, DISTRIBUTION, ETC. (IMPRINT) | |
| Place of publication, distribution, etc | Harlow, England ; |
| -- | New York : |
| Name of publisher, distributor, etc | Addison-Wesley, |
| Date of publication, distribution, etc | 2005. |
| 300 ## - PHYSICAL DESCRIPTION | |
| Pagination | xiv, 927 p. : |
| Other physical details | ill. ; |
| Dimensions | 24 cm. |
| 440 #0 - | |
| Title | International computer science series |
| 504 ## - BIBLIOGRAPHY, ETC. NOTE | |
| Bibliography, etc | Includes bibliographical references and index. |
| 650 #0 - SUBJECT ADDED ENTRY--TOPICAL TERM | |
| Topical term or geographic name as entry element | Electronic data processing |
| General subdivision | Distributed processing. |
| 700 1# - ADDED ENTRY--PERSONAL NAME | |
| Personal name | Dollimore, Jean. |
| 700 1# - ADDED ENTRY--PERSONAL NAME | |
| Personal name | Kindberg, Tim. |
| 942 ## - ADDED ENTRY ELEMENTS (KOHA) | |
| Source of classification or shelving scheme | Dewey Decimal Classification |
| Koha item type | Books |
| Source of classification or shelving scheme | Damaged status | Not for loan | Home library | Current library | Shelving location | Date of accession | Source of acquisition | Total Checkouts | Full call number | Barcode | Date last seen | Copy number | Method of acquisition | Koha item type | Currency |
|---|---|---|---|---|---|---|---|---|---|---|---|---|---|---|---|
| Dewey Decimal Classification | JCC Rouf Library | JCC Rouf Library | General Stacks | With the compliments of Shahriar Imtiaz Rahman,27/1483/K | 004.36 GEO 2005 | 19853 | 02/26/2025 | C-1 | Gift/Donation | Books | BDT |